The British in Egypt : (Record no. 27072)
[ view plain ]
| 000 -LEADER | |
|---|---|
| fixed length control field | 01229pam a2200349 i 4500 |
| 001 - CONTROL NUMBER | |
| control field | 015830887 |
| 003 - CONTROL NUMBER IDENTIFIER | |
| control field | Uk |
| 005 - DATE AND TIME OF LATEST TRANSACTION | |
| control field | 20190207101432.0 |
| 008 - FIXED-LENGTH DATA ELEMENTS--GENERAL INFORMATION | |
| fixed length control field | 110617s2012 enkabcf b 001|0 eng|d |
| 015 ## - | |
| -- | GBB175643 |
| -- | bnb |
| 016 7# - | |
| -- | 015830887 |
| -- | Uk |
| 020 ## - INTERNATIONAL STANDARD BOOK NUMBER | |
| International Standard Book Number | 9781848857094 (hbk.) : |
| 020 ## - INTERNATIONAL STANDARD BOOK NUMBER | |
| International Standard Book Number | 1848857098 (hbk.) : |
| 040 ## - CATALOGING SOURCE | |
| Original cataloging agency | StDuBDS |
| Language of cataloging | eng |
| Transcribing agency | StDuBDS |
| Modifying agency | EG-ScBUE |
| 082 04 - DEWEY DECIMAL CLASSIFICATION NUMBER | |
| Classification number | 962.04 |
| Edition number | 23 |
| Item number | MAK |
| 100 1# - MAIN ENTRY--PERSONAL NAME | |
| Personal name | Mak, Lanver. |
| 245 14 - TITLE STATEMENT | |
| Title | The British in Egypt : |
| Remainder of title | community, crime and crises 1822-1922 / |
| Statement of responsibility, etc | Lanver Mak. |
| 264 ## - PUBLICATION, DISTRIBUTION, ETC. (IMPRINT) | |
| Place of publication, distribution, etc | New York: |
| Name of publisher, distributor, etc | I.B.Tauris; |
| Date of publication, distribution, etc | 2012. |
| 300 ## - PHYSICAL DESCRIPTION | |
| Extent | xvi, 318 pages, [8] pages of plates : |
| Other physical details | illustration, map, ports. ; |
| Dimensions | 23 cm. |
| 336 ## - CONTENT TYPE | |
| Content type term | text |
| Source | rdacontent |
| 337 ## - MEDIA TYPE | |
| Media type term | unmediated |
| Source | rdamedia |
| 338 ## - CARRIER TYPE | |
| Carrier type term | volume |
| Source | rdacarrier |
| 490 0# - SERIES STATEMENT | |
| Series statement | International library of historical studies ; |
| Volume number/sequential designation | v. 74 |
| 500 ## - GENERAL NOTE | |
| General note | Formerly CIP. |
| Institution to which field applies | Uk |
| 504 ## - BIBLIOGRAPHY, ETC. NOTE | |
| Bibliography, etc | Includes bibliographical references and index. |
| 540 ## - TERMS GOVERNING USE AND REPRODUCTION NOTE | |
| Terms governing use and reproduction | Current Copyright Fee: GBP17.50 |
| Authorization | 0 |
| Institution to which field applies | Uk |
| 650 #7 - SUBJECT ADDED ENTRY--TOPICAL TERM | |
| Topical term or geographic name as entry element | British |
| Geographic subdivision | Egypt |
| General subdivision | History |
| Chronological subdivision | 19th century. |
| Source of heading or term | BUEsh |
| 650 #7 - SUBJECT ADDED ENTRY--TOPICAL TERM | |
| Topical term or geographic name as entry element | British |
| Geographic subdivision | Egypt |
| General subdivision | History |
| Chronological subdivision | 20th century. |
| Source of heading or term | BUEsh |
| 651 #7 - SUBJECT ADDED ENTRY--GEOGRAPHIC NAME | |
| Geographic name | Egypt |
| General subdivision | History |
| Chronological subdivision | British occupation, 1882-1936. |
| 9 (RLIN) | 28790 |
| Source of heading or term | BUEsh |
| 653 ## - INDEX TERM--UNCONTROLLED | |
| Arrived date list | February2019 |
| 942 ## - ADDED ENTRY ELEMENTS (KOHA) | |
| Source of classification or shelving scheme | Dewey Decimal Classification |
| Koha item type | Book - Borrowing |
| Withdrawn status | Lost status | Source of classification or shelving scheme | Damaged status | Not for loan | Collection code | Home library | Current library | Shelving location | Date acquired | Source of acquisition | Cost, normal purchase price | Serial Enumeration / chronology | Total Checkouts | Total Renewals | Full call number | Barcode | Date last seen | Date checked out | Price effective from | Koha item type |
|---|---|---|---|---|---|---|---|---|---|---|---|---|---|---|---|---|---|---|---|---|
| Dewey Decimal Classification | MERIC | Central Library | Central Library | Second Floor | 03/02/2019 | Purchase | 523.15 | 000292 | 1 | 4 | 962.04 MAK | 000044128 | 15/07/2025 | 27/04/2021 | 03/02/2019 | Book - Borrowing |